000 01350nam a2200349Ia 4500
001 dia_2352
003 CHAP
005 20240221122627.0
007 ta
008 220117s2001 mx bd fr 001 0 spa d
040 _cCHAP
_amxchpua
090 _aT.C.313
_bP47 IAI
_c2001
245 1 0 _aReporte de viaje de estudio realizado a la región de los altos de Jalisco a los municipios de Lagos de Moreno y Arandas /
_ccoordinador Fernando Pérez Pelayo ; colaboradores Pablo César Arredondo Castro...[et al.]
260 _aMéxico :
_bEl autor,
_c2001
300 _a91 hojas :
_bmapas, gráficas, diagramas, tablas
336 _2rdacontent
_atexto
_btxt
337 _2rdamedia
_asin medio
_bn
338 _2rdacarrier
_avolumen
_bnc
500 _aGrado 5° Grupo 1
502 _aViaje de Estudios
_b(IAI) --
_cUACh. Departamento de Ingeniería Agroindustrial,
_d2001
504 _aBibliografía: hoja 91
650 1 3 _aIndustrias agrícolas
_x
_9152652
_zMéxico
_zJalisco
650 1 3 _aAgricultural industry
_9152651
_zMexico
_zJalisco
700 1 _aPérez Pelayo, Fernando
_ecoordinador
_9147691
700 1 _aArredondo Castro, Pablo Cesar
_9152653
_ecolaborador
901 _aT.C.313 P47 IAI 2001
902 _aM
905 _a5332272001 mx nmb 8223123322spa16
942 _2local
942 _cVE
999 _c172874
_d172874